000 00317nam a22001337a 4500
008 181106b xxu||||| |||| 00| 0 eng d
020 _a0802707254
041 _aeng
080 _a610
100 _a4
101 _aSHM
245 _aWhat every man should'know about his Prostate
_cGreenberger,M.E
942 _2udc
_cBK
999 _c51987
_d51987